MARC details
| 000 -LEADER |
| fixed length control field |
04492pam a2200481 i 4500 |
| 005 - DATE AND TIME OF LATEST TRANSACTION |
| control field |
20260322212003.0 |
| 008 - FIXED-LENGTH DATA ELEMENTS--GENERAL INFORMATION |
| fixed length control field |
data |
| 010 ## - LIBRARY OF CONGRESS CONTROL NUMBER |
| LC control number |
2013016114 |
| 016 7# - NATIONAL BIBLIOGRAPHIC AGENCY CONTROL NUMBER |
| Record control number |
016443738 |
| Source |
Uk |
| 020 ## - INTERNATIONAL STANDARD BOOK NUMBER |
| International Standard Book Number |
9781118106778 (hardback : alk. paper) |
| 020 ## - INTERNATIONAL STANDARD BOOK NUMBER |
| International Standard Book Number |
1118106776 (hardback : alk. paper) |
| 020 ## - INTERNATIONAL STANDARD BOOK NUMBER |
| International Standard Book Number |
9781118419151 (electronic) |
| 040 ## - CATALOGING SOURCE |
| Original cataloging agency |
DLC |
| Language of cataloging |
eng |
| Description conventions |
rda |
| Transcribing agency |
DLC |
| Modifying agency |
YDXCP |
| -- |
OCLCQ |
| -- |
UKMGB |
| -- |
YDXCP |
| 041 09 - LANGUAGE CODE |
| Language code of text/sound track or separate title |
eng |
| 042 ## - AUTHENTICATION CODE |
| Authentication code |
nlmcopyc |
| -- |
nlmcopyc |
| 044 ## - COUNTRY OF PUBLISHING/PRODUCING ENTITY CODE |
| -- |
United States |
| 050 00 - LIBRARY OF CONGRESS CALL NUMBER |
| Classification number |
RC454 |
| Item number |
.P7865 2013 |
| 060 10 - NATIONAL LIBRARY OF MEDICINE CALL NUMBER |
| Classification number |
WM 141 |
| 082 00 - DEWEY DECIMAL CLASSIFICATION NUMBER |
| Classification number |
616.89 |
| Edition information |
23 |
| 084 ## - OTHER CLASSIFICATION NUMBER |
| Classification number |
PSY022000 |
| Number source |
bisacsh |
| 096 ## - LOCALLY ASSIGNED NLM-TYPE CALL NUMBER (OCLC) |
| Classification number |
WM 141 P7865 2013 |
| 001 - CONTROL NUMBER |
| control field |
data |
| 130 0# - MAIN ENTRY--UNIFORM TITLE |
| Uniform title |
Psychopathology (2013) |
| 245 00 - TITLE STATEMENT |
| Title |
Psychopathology : |
| Remainder of title |
history, diagnosis, and empirical foundations / |
| Statement of responsibility, etc. |
edited by W. Edward Craighead, David Jay Miklowitz & Linda W. Craighead. |
| 250 ## - EDITION STATEMENT |
| Edition statement |
Second edition. |
| 264 #1 - PRODUCTION, PUBLICATION, DISTRIBUTION, MANUFACTURE, AND COPYRIGHT NOTICE |
| Place of production, publication, distribution, manufacture |
Hoboken, New Jersey : |
| Name of producer, publisher, distributor, manufacturer |
John Wiley & Sons, Inc., |
| Date of production, publication, distribution, manufacture, or copyright notice |
[2013] |
| 300 ## - PHYSICAL DESCRIPTION |
| Extent |
online resource |
| 336 ## - CONTENT TYPE |
| Content type term |
text |
| Content type code |
txt |
| Source |
rdacontent |
| 337 ## - MEDIA TYPE |
| Media type term |
unmediated |
| Media type code |
n |
| Source |
rdamedia |
| 338 ## - CARRIER TYPE |
| Carrier type term |
volume |
| Carrier type code |
nc |
| Source |
rdacarrier |
| 504 ## - BIBLIOGRAPHY, ETC. NOTE |
| Bibliography, etc. note |
Includes bibliographical references and index. |
| 505 8# - FORMATTED CONTENTS NOTE |
| Formatted contents note |
Machine generated contents note: Chapter 1: Issues in Diagnosis: Conceptual Issues and ControversiesScott O. Lilienfeld, Sarah Francis Smith and Ashley L. WattsChapter 2: Strategies for Evidence-Based Assessment of Children and Adolescents: Measuring Prediction, Prescription, and ProcessEric A. Youngstrom and Thomas W. FrazierChapter 3: Obsessive-Compulsive DisorderJonathan S. Abramowitz, Laura E. Fabricant, and Ryan J. JacobyChapter 4: Generalized Anxiety DisorderKaren Rowa, Heather K. Hood, and Martin M. AntonyChapter 5: Social Anxiety DisorderDeborah Roth Ledley, Brigette A. Erwin, Amanda S. Morrison, and Richard G. HeimbergChapter 6 Panic DisorderJoanna J. Arch, Lauren N. Landy and Michelle G. CraskeChapter 7: Posttraumatic Stress DisorderPatricia A. Resick, Candice M. Monson, and Shireen L. RizviChapter 8: Major Depressive DisorderLorie A. Ritschel, Charles F. Gillespie, Eir?ikur ?O. Arnarson, and W. Edward CraigheadChapter 9: Dysthymia and Chronic DepressionDaniel N. Klein and Sarah R. BlackChapter 10: Bipolar DisordersDavid J. Miklowitz and Sheri L. JohnsonChapter 11: Schizophrenia and the Psychosis SpectrumHanan D. Trotman, Vijay Mittal, Kevin Tessner, and Elaine F. WalkerChapter 12 Bulimia Nervosa and Binge Eating DisorderLinda W. Craighead, Margaret Martinez, and Kelly L. KlumpChapter 13 Eating Disorders: Anorexia NervosaJAMES LOCK AND NINA KIRZChapter 14: Borderline Personality DisorderJill M. Hooley and Sarah A. St. GermainChapter 15: Alcohol Use DisordersLara A. Ray, Kelly E. Courtney, and Guadalupe BacioChapter 16: Psychopathy as psychopathology: Key developments in assessment, etiology, and treatmentJennifer E. Vitale and Joseph P. NewmanChapter 17: Sexual DysfunctionCindy M. Meston and Carey S. PulvermanChapter 18: Sleep DisordersJennifer C. Kanady and Allison G. Harvey. |
| 520 ## - SUMMARY, ETC. |
| Summary, etc. |
"Designed for graduate level courses in adult psychopathology, the Second Edition of this book incorporates the newly released (2013) DSM-5 . Unique in its approach, this text presents a historical context in which current diagnoses are made. Presenting an overview of the issues and methodologies of conducting assessments, each of the major psychological disorders is discussed in a standard format in the chapter dealing with that disorder. The text includes new chapters on nonalcohol substance abuse and contextual factors affecting diagnoses. Each chapter covers: description from DSM, using case examples; epidemiology; basic research, including neurobiology and neuroscience of the disorder; prevalence and consequences of the disorder; behavioral, social, cognitive, and emotional aspects of the disorder; and treatment of the disorder, using clinical examples showing how psychopathology and assessment influence treatment"-- |
| Assigning source |
Provided by publisher. |
| 538 ## - SYSTEM DETAILS NOTE |
| System details note |
Mode of Access: World Wide Web |
| 650 12 - SUBJECT ADDED ENTRY--TOPICAL TERM |
| Topical term or geographic name entry element |
Mental Disorders |
| General subdivision |
diagnosis |
| 650 22 - SUBJECT ADDED ENTRY--TOPICAL TERM |
| Topical term or geographic name entry element |
Mental Disorders |
| General subdivision |
classification |
| 650 22 - SUBJECT ADDED ENTRY--TOPICAL TERM |
| Topical term or geographic name entry element |
Psychopathology |
| General subdivision |
methods |
| 655 #4 - INDEX TERM--GENRE/FORM |
| Genre/form data or focus term |
Electronic books |
| 700 1# - ADDED ENTRY--PERSONAL NAME |
| Personal name |
Craighead, W. Edward, |
| Relator term |
editor. |
| 700 1# - ADDED ENTRY--PERSONAL NAME |
| Personal name |
Miklowitz, David Jay, |
| Dates associated with a name |
1957-, |
| Relator term |
editor. |
| 700 1# - ADDED ENTRY--PERSONAL NAME |
| Personal name |
Craighead, Linda W., |
| Relator term |
editor. |
| 856 4# - ELECTRONIC LOCATION AND ACCESS |
| Uniform Resource Identifier |
<a href="http://www.r2library.com/Resource/Title/1118106776">http://www.r2library.com/Resource/Title/1118106776</a> |
| Link text |
Link to book at Rittenhouse R2. |